El Pacto Internacional de Derechos Económicos, Sociales y Culturales / (Record no. 160906)

MARC details
000 -CABECERA
campo de control de longitud fija 00774nam a2200205 a 4500
005 - FECHA Y HORA DE LA ÚLTIMA TRANSACCIÓN
campo de control 20250408063811.0
008 - ELEMENTOS DE LONGITUD FIJA--INFORMACIÓN GENERAL
campo de control de longitud fija 121121s2012 mx r 000 0 spa d
020 ## - NÚMERO INTERNACIONAL NORMALIZADO PARA LIBROS
Número Internacional Estándar del Libro 9786078211586
035 ## - NÚMERO DE CONTROL DEL SISTEMA
Número de control de sistema UPN01000188803
049 ## - COLECCIÓN
Colección CG
050 #4 - SIGNATURA TOPOGRÁFICA DE LA BIBLIOTECA DEL CONGRESO
Número de clasificación K3240.4
Número de documento/Ítem R5.6
100 1# - ASIENTO PRINCIPAL--NOMBRE PERSONAL
Nombre de persona Riva Palacio Lavín, Antonio
9 (RLIN) 38920
245 13 - MENCIÓN DE TÍTULO
Título El Pacto Internacional de Derechos Económicos, Sociales y Culturales /
Mención de responsabilidad, etc. Antonio Riva Palacio Lavín.
260 ## - PUBLICACIÓN, DISTRIBUCIÓN, ETC.
Lugar de publicación, distribución, etc. México :
Nombre del editor, distribuidor, etc. CNDH,
Fecha de publicación, distribución, etc. 2012.
300 ## - DESCRIPCIÓN FÍSICA
Extensión 65, [6] p.
440 #0 - MENCIÓN DE SERIE/ASIENTO SECUNDARIO--TÍTULO
Título Colección del sistema universal de protección de los derechos humanos ;
Designación de volumen o secuencia 4
650 #4 - ASIENTO SECUNDARIO DE MATERIA - TERMINO TEMATICO
Término de materia o nombre geográfico como elemento de entrada Derechos humanos (Derecho internacional)
9 (RLIN) 5169
630 04 - ASIENTO SECUNDARIO DE MATERIA - TÍTULO UNIFORME
Título uniforme PACTO INTERNACIONAL DE DERECHOS ECONOMICOS, SOCIALES Y CULTURALES
Fecha de la firma de un tratado (1966 DICIEMBRE 16)
9 (RLIN) 24883
905 ## - TIPO DE MATERIAL
Tipo de material Libro
Holdings
Estado de retiro Estado de pérdida Fuente del sistema de clasificación o colocación Estado dañado No para préstamo Código de colección Localización permanente Ubicación/localización actual Ubicación en estantería Total de préstamos Clasificación Código de barras Fecha visto por última vez Número de copia Tipo de ítem Koha
    Library of Congress Classification     Colección General Bib. Gregorio Torres Quintero Bib. Gregorio Torres Quintero Planta baja   K3240.4 R5.6 310051 31/12/2020 1 Libro
    Library of Congress Classification     Colección General Bib. Gregorio Torres Quintero Bib. Gregorio Torres Quintero Planta baja   K3240.4 R5.6 312491 31/12/2020 1 Libro